Statistics for Rolling Stock on the Shinkansen, Japan

Click here to take the quiz!

General Stats

  • This quiz has been taken 64 times
  • The average score is 15 of 16

Answer Stats

Years In ServiceLines Serving/ServedMax SpeedSeries% Correct
1964-2008Tokaido/Sanyo Shinkansen220km/h0 Series
98%
1985-2012Tokaido/Sanyo Shinkansen230km/h100 Series
98%
1992-2012Tokaido/Sanyo Shinkansen270km/h300 Series
98%
1992-2010Tohoku/Yamagata Shinkansen240km/h400 Series
98%
1997-Tokaido(Before 2010)/Sanyo Shinkansen300km/h(Before 2010)/285km/h(Current)500 Series
98%
1997-Tohoku/Joetsu/Hokuriku(Before 2017) Shinkansen275km/hE2 Series
98%
1997-Tohoku/Akita(Before 2014)/Yamagata Shinkansen275km/hE3 Series
98%
1997-Tohoku(Before 2012)/Joetsu Shinkansen240km/hE4 Series
98%
2011-Tohoku/Hokkaido Shinkansen320km/hE5/H5 Series
98%
2014-Hokuriku/Joetsu Shinkansen260km/hE7/W7 Series
98%
1982-2013Tohoku/Joetsu Shinkansen240km/h200 Series
96%
1999-Tokaido(Before 2020)/Sanyo Shinkansen285km/h700 Series
96%
2013-Tohoku/Akita Shinkansen320km/hE6 Series
96%
1994-2012Tohoku/Joetsu Shinkansen240km/hE1 Series
94%
2007-Tokaido/Sanyo/Kyushu Shinkansen300km/hN700 Series
94%
2004-Kyushu Shinkansen260km/h800 Series
85%

Score Distribution

Percentile by Number Answered

Percent of People with Each Score

Your Score History

You have not taken this quiz